000 01102pab a2200181 454500
008 180718b2003 xxu||||| |||| 00| 0 eng d
100 _aBalakrishnan, Pulapre
245 _aGrowth and distribution in Indian industry in the nineties
260 _c2003
300 _ap.3997-4005.
362 _a20 Sep
520 _aIn a study of the evolution of the Indian manufacturing sector over close to three decades we find the annual average rate of growth in the nineties to have risen almost across the board at the two-digit level of industry. Nevertheless, the acceleration is not particularly impressive for what is often hailed as the most significant policy-regime shift since 1950. There is a hefty rise in investment, however, though without a corresponding increase in its efficiency. And distribution has shifted sharply with labour's share declining. This paper attempts to link these developments in a coherent way. - Reproduced.
650 _aIndia - Industries
650 _aIndustrial development
700 _aSuresh Babu, M.
773 _aEconomic and Political Weekly
909 _a58389
999 _c58389
_d58389